000 00935nam a22003017a 4500
003 CHAP
005 20220329133937.0
008 971013s1921 r 00010 d
010 _a13007
011 _a13979
035 _a18052
040 _cCHAP
082 _a633.73
_bG65 1921
100 0 0 _aGómez, Gabriel.
_949958
245 _aCultivo y beneficio del café
250 _a3 ed.
260 _aMéxico, D.F. :
_bBiblioteca Agrícola de la Secretaría de Fomento,
_c1921
300 _a158 p.
_b: ilus.
590 _aBATCH-UPD
_b10
_c20130110
_lUCH01
_h1059
590 _aBATCH-UPD
_b10
_c20130410
_lUCH01
_h0653
590 _aBATCH-UPD
_b10
_c20130914
_lUCH01
_h0806
590 _aCONVERSION
_b10
_c20130109
_lUCH01
_h1308
650 1 4 _aCafé.
_917085
901 _aBK
942 _cLIBRO
949 _a633.73 G65 1921
_bBC
_cBPP
_d-42186
_eBPP
_h22795
_i18052
_si
949 _a633.73 G65 1921
_bBC
_cBPP
_d-42187
_eBPP
_fc.2
_h24030
_i18052
_si
999 _c13007
_d13007